ARRUPE JESUIT UNIVERSITY

CORONAVIRUS -STOP THE SPREAD - CLEAN,DISINFECT,COVER

Research made easy / (Record no. 131978)

MARC details
000 -LEADER
fixed length control field 01085cam a2200289 a 4500
001 - CONTROL NUMBER
control field 725249
003 - CONTROL NUMBER IDENTIFIER
control field ARRUPE
005 - DATE AND TIME OF LATEST TRANSACTION
control field 20260312102853.0
008 - FIXED-LENGTH DATA ELEMENTS--GENERAL INFORMATION
fixed length control field 980218s1998 ilu 001 0 eng
010 ## - LIBRARY OF CONGRESS CONTROL NUMBER
LC control number 98014288
020 ## - INTERNATIONAL STANDARD BOOK NUMBER
International Standard Book Number 1570714002
Qualifying information pbk.
020 ## - INTERNATIONAL STANDARD BOOK NUMBER
International Standard Book Number 9781570714009
Qualifying information (pbk.)
035 ## - SYSTEM CONTROL NUMBER
System control number 725249
040 ## - CATALOGING SOURCE
Original cataloging agency AJU
Transcribing agency AJU
Modifying agency AJU
043 ## - GEOGRAPHIC AREA CODE
Geographic area code n-us---
050 00 - LIBRARY OF CONGRESS CALL NUMBER
Classification number KF240
Item number .H47 1998
082 00 - DEWEY DECIMAL CLASSIFICATION NUMBER
Classification number 340/.07/2073
Edition number 21
300 ## - PHYSICAL DESCRIPTION
Dimensions 23cm.
245 10 - TITLE STATEMENT
Title Research made easy /
Statement of responsibility, etc edited by Christopher zishiri, Wonder Muchabaiwa and Munyaradzi Mawere.
Remainder of title an afrocentric handbook for students and supervisor s of academic research
260 ## - PUBLICATION, DISTRIBUTION, ETC. (IMPRINT)
Place of publication, distribution, etc Mankon, Bamenda
Name of publisher, distributor, etc Langaa Research and Publishing
Date of publication, distribution, etc 2025
300 ## - PHYSICAL DESCRIPTION
Extent xii, 203pages
650 #0 - SUBJECT ADDED ENTRY--TOPICAL TERM
Topical term or geographic name as entry element Academic Research
Geographic subdivision Zimbabwe
General subdivision Popular works.
9 (RLIN) 52948
906 ## - LOCAL DATA ELEMENT F, LDF (RLIN)
a 7
b cbc
c orignew
d 1
e ocip
f 19
g y-gencatlg
942 ## - ADDED ENTRY ELEMENTS (KOHA)
Source of classification or shelving scheme Library of Congress Classification
Koha item type Monograph ( Printed materials)
Holdings
Withdrawn status Lost status Source of classification or shelving scheme Damaged status Not for loan Collection code Home library Current library Shelving location Date acquired Total Checkouts Full call number Barcode Date last seen Price effective from Koha item type
    Library of Congress Classification     Main Collection ARRUPE LIBRARY ARRUPE LIBRARY Main Collection 12/03/2026   KF240 .H47 1998 46700000604 12/03/2026 12/03/2026 Monograph ( Printed materials)

 

Arrupe Library. PO Box MP320 Mt Pleasant, Harare, Zimbabwe
263 242 745411|librarian@aju.ac.zw